| 000 | 00538cam a2200181ua 4500 | ||
|---|---|---|---|
| 041 |
_aeng _h |
||
| 082 |
_a628.354 _bGAN/AC |
||
| 100 | _aGanczarczyk, Jeszy J . | ||
| 245 |
_aActivated sludge process: Theory and practice / _cJeszy J Ganczarczyk. _hTextual Documents |
||
| 250 |
_a1 / _b. |
||
| 260 |
_aNew York : _bMarcel Dekker Inc. , _c1983. |
||
| 300 | _a270 ; . | ||
| 440 | 0 |
_aPollution engineering Technology, _v23 _x; |
|
| 490 | 0 |
_aPollution engineering Technology, _v23 _x; |
|
| 504 | _a | ||
| 942 | _cBK | ||
| 999 |
_c5724 _d5724 |
||